Walter Scott, « Wawerley » et autres romans, Wawerley, Le Nain noir, Le Cœur de Mid-Lothian. Traduit de l’anglais par Henri Suhamy, Alain Jumeau et Sylvère Monod. Ed. établie sous la direction de Jean-Yves Tadié et Sylvère Monod. Gallimard, Bibliothèque de la Pléiade, 2003, 1 584 pages, 62,5 € (notice n° 1619184)
[ vue normale ]
| 000 -LEADER | |
|---|---|
| fixed length control field | 00714cam a2200145 4500500 |
| 005 - DATE AND TIME OF LATEST TRANSACTION | |
| control field | 20260111090600.0 |
| 041 ## - LANGUAGE CODE | |
| Language code of text/sound track or separate title | fre |
| 042 ## - AUTHENTICATION CODE | |
| Authentication code | dc |
| 100 10 - MAIN ENTRY--PERSONAL NAME | |
| Personal name | Mambrino, Jean |
| Relator term | author |
| 245 00 - TITLE STATEMENT | |
| Title | Walter Scott, « Wawerley » et autres romans, Wawerley, Le Nain noir, Le Cœur de Mid-Lothian. Traduit de l’anglais par Henri Suhamy, Alain Jumeau et Sylvère Monod. Ed. établie sous la direction de Jean-Yves Tadié et Sylvère Monod. Gallimard, Bibliothèque de la Pléiade, 2003, 1 584 pages, 62,5 € |
| 260 ## - PUBLICATION, DISTRIBUTION, ETC. | |
| Date of publication, distribution, etc. | 2003.<br/> |
| 500 ## - GENERAL NOTE | |
| General note | 9 |
| 786 0# - DATA SOURCE ENTRY | |
| Note | Études | 399 | 7 | 2003-07-01 | p. 129a-143a | 0014-1941 |
| 856 41 - ELECTRONIC LOCATION AND ACCESS | |
| Uniform Resource Identifier | <a href="https://shs.cairn.info/revue-etudes-2003-7-page-129a?lang=fr&redirect-ssocas=7080">https://shs.cairn.info/revue-etudes-2003-7-page-129a?lang=fr&redirect-ssocas=7080</a> |
Pas d'exemplaire disponible.




Réseaux sociaux